000 00503ntaaa2200181 4500
003 01
005 20251027201249.0
008 0714s1973 ag 01
040 _aAR-BaBN
_bspa
_cAR-BaBN
_eaacr
_dRIC
082 _a220.93 M28
100 _aMaiuri, Amedeo
_910816
245 _aPompeya /
_cAmedeo Maiuri
250 _a1 ed. :
_bLibrería Dello Stato,
_c1956
300 _a165 p.
500 _a(Itinerarios de los Museos y Monumentos de Italia, No.3)
650 _aArqueología-Pompeya
_910817
942 _cBK
999 _c7001
_d7001